<?xml version="1.0" encoding="UTF-8"?>
<record
    xmlns:xsi="http://www.w3.org/2001/XMLSchema-instance"
    xsi:schemaLocation="http://www.loc.gov/MARC21/slim http://www.loc.gov/standards/marcxml/schema/MARC21slim.xsd"
    xmlns="http://www.loc.gov/MARC21/slim">

  <leader>02901nam a22002537a 4500</leader>
  <controlfield tag="005">20250805145020.0</controlfield>
  <controlfield tag="008">220912b           ||||| |||| 00| 0 eng d</controlfield>
  <datafield tag="020" ind1=" " ind2=" ">
    <subfield code="a">9789390742127</subfield>
  </datafield>
  <datafield tag="040" ind1=" " ind2=" ">
    <subfield code="c">AL</subfield>
  </datafield>
  <datafield tag="041" ind1=" " ind2=" ">
    <subfield code="a">eng</subfield>
  </datafield>
  <datafield tag="082" ind1=" " ind2=" ">
    <subfield code="2">23</subfield>
    <subfield code="a">954.092</subfield>
    <subfield code="b">BOSN</subfield>
  </datafield>
  <datafield tag="100" ind1=" " ind2=" ">
    <subfield code="a">Krishna Bose</subfield>
    <subfield code="9">234014</subfield>
  </datafield>
  <datafield tag="245" ind1=" " ind2=" ">
    <subfield code="a">Netaji</subfield>
    <subfield code="b">: Subhas Chandra Boses life politics and struggle</subfield>
  </datafield>
  <datafield tag="260" ind1=" " ind2=" ">
    <subfield code="a">New Delhi</subfield>
    <subfield code="b">Picador India</subfield>
    <subfield code="c">2022</subfield>
  </datafield>
  <datafield tag="300" ind1=" " ind2=" ">
    <subfield code="a">xxviiii,332p.</subfield>
    <subfield code="b">HB</subfield>
    <subfield code="c">24x16cm.</subfield>
  </datafield>
  <datafield tag="365" ind1=" " ind2=" ">
    <subfield code="2">Human Rights and Gender</subfield>
    <subfield code="a">BLCR-000073</subfield>
    <subfield code="b">699.00</subfield>
    <subfield code="c">&#x20B9;</subfield>
    <subfield code="d">559.20</subfield>
    <subfield code="e">20%</subfield>
    <subfield code="f">30-08-2022</subfield>
  </datafield>
  <datafield tag="520" ind1=" " ind2=" ">
    <subfield code="a">The complete life story of SUBHAS CHANDRA BOSE from the pen of Krishna Bose, an eminent member of the Bose family and pioneering Netaji researcher. Featuring 95 images and letters from family albums and Netaji Research Bureau archives.
Written over six decades by an esteemed scholar and Bose family member, Netaji: Subhas Chandra Bose&#x2019;s Life, Politics and Struggle vividly reveals the human being alongside the revolutionary and freedom fighter, traversing Bose&#x2019;s life from childhood to his mortal end in August 1945.

Krishna Bose travelled the subcontinent and the world to discover Netaji&#x2019;s life. As she pieces together her findings, we gain striking new insights into Subhas Chandra Bose&#x2019;s political motivations, his personal relationships, and the epic journeys and daring military campaigns he undertook to secure India&#x2019;s independence. We visit the Manipur battlefields where the Indian National Army waged its valiant war, the Andamans where Netaji raised the national tricolour; Singapore, where the INA tookshape; Vienna and Prague, his favourite European cities; and Taipei, where his life was tragically cut short. We meet Netaji&#x2019;s key political contemporaries &#x2013; from Nehru and Gandhi to Tojo and Hitler. And we learn in gripping detail about the Azad Hind Fauj&#x2019;s spirit of unity and the bravery in war of its men &#x2013; as well as the women who fought as the Rani of Jhansi Regiment. Krishna Bose closely knew many personalities who feature in this book &#x2013; Basanti Debi, Subhas&#x2019;s adopted mother; Emilie Schenkl,his spouse; Lakshmi Sahgal, Abid Hasan and many other leading soldiers of the Azad Hind movement &#x2013; who all shared vital memories that helped complete Netaji&#x2019;s life story.
Drawing on Netaji Research Bureau&#x2019;s archives and decades of fieldwork and interviews, this book offers an unmatched portrait of Subhas Chandra Bose &#x2013; the man, his politics and his epic struggle for India&#x2019;s freedom. Krishna Bose&#x2019;s writings were compiled, edited and translated from Bengali by her son Sumantra Bose.
Krishna Bose&#x2019;s writings were compiled, edited and translated from Bengali by her son Sumantra Bose.</subfield>
  </datafield>
  <datafield tag="650" ind1=" " ind2=" ">
    <subfield code="a">Biography</subfield>
    <subfield code="9">57152</subfield>
  </datafield>
  <datafield tag="650" ind1=" " ind2=" ">
    <subfield code="a">Freedom Fighter</subfield>
    <subfield code="9">57153</subfield>
  </datafield>
  <datafield tag="650" ind1=" " ind2=" ">
    <subfield code="a">Azad Hind</subfield>
    <subfield code="9">57157</subfield>
  </datafield>
  <datafield tag="650" ind1=" " ind2=" ">
    <subfield code="a">Requiem</subfield>
    <subfield code="9">57158</subfield>
  </datafield>
  <datafield tag="700" ind1=" " ind2=" ">
    <subfield code="a">Bose, Sumantra Ed Tr</subfield>
    <subfield code="9">57151</subfield>
  </datafield>
  <datafield tag="942" ind1=" " ind2=" ">
    <subfield code="2">ddc</subfield>
    <subfield code="c">REF</subfield>
  </datafield>
  <datafield tag="999" ind1=" " ind2=" ">
    <subfield code="c">224576</subfield>
    <subfield code="d">224576</subfield>
  </datafield>
  <datafield tag="952" ind1=" " ind2=" ">
    <subfield code="0">0</subfield>
    <subfield code="1">0</subfield>
    <subfield code="2">ddc</subfield>
    <subfield code="4">0</subfield>
    <subfield code="7">3</subfield>
    <subfield code="8">OTH</subfield>
    <subfield code="a">AL</subfield>
    <subfield code="b">AL</subfield>
    <subfield code="c">RS</subfield>
    <subfield code="d">2022-09-06</subfield>
    <subfield code="e">Navakarnataka Publications Pvt.Ltd.</subfield>
    <subfield code="g">560.00</subfield>
    <subfield code="l">0</subfield>
    <subfield code="o">954.092 BOSN</subfield>
    <subfield code="p">076037</subfield>
    <subfield code="r">2022-09-12 00:00:00</subfield>
    <subfield code="v">699.00</subfield>
    <subfield code="w">2022-09-12</subfield>
    <subfield code="y">REF</subfield>
  </datafield>
</record>
